[Event "II. CLANSKA LIGA ZAHOD 2025"]
[Site "Komenda"]
[Date "2025.11.23"]
[Round "9.4"]
[White "Rozman, Mitja"]
[Black "Mencinger, Vojko"]
[Result "0-1"]
[WhiteElo "1983"]
[BlackElo "2259"]
[PlyCount "130"]
[EventDate "2025.11.14"]
[WhiteTeam "DRUSTVO TOMO ZUPAN"]
[BlackTeam "SD GORENJKA LESCE"]

1. Nf3 c5 2. c3 Nf6 3. g3 b6 4. Bg2 Bb7 5. d3 g6 6. O-O Bg7 7. e4 O-O 8. Re1 d6
9. Nbd2 Nbd7 10. Rb1 Qc7 11. Nc4 b5 12. Ne3 e6 13. c4 a6 14. Bd2 b4 15. a3 a5
16. a4 Rad8 17. b3 Ne5 18. Qc2 Nc6 19. Nf1 h6 20. Bc1 Nd7 21. h4 Nde5 22. N1h2
f5 23. Bb2 Rd7 24. Nxe5 dxe5 25. exf5 exf5 26. Re2 Rfd8 27. Rbe1 Rxd3 28. Bd5+
R3xd5 29. cxd5 Rxd5 30. Nf3 e4 31. Qc4 Qf7 32. Bxg7 Kxg7 33. Rd2 Ne7 34. Rxd5
Qxd5 35. Qxd5 Nxd5 36. Ne5 Nc3 37. Nc4 Bd5 38. Nxa5 Kf6 39. Re3 Ke5 40. Kf1 Kd6
41. Ke1 Kc7 42. f3 Kb6 43. fxe4 fxe4 44. Nc4+ Bxc4 45. bxc4 Ka5 46. Kd2 Kxa4
47. Kc2 Ka3 48. Re1 Ka2 49. g4 Na4 50. Re3 Nb6 51. Rxe4 b3+ 52. Kc3 b2 53. g5
Na4+ 54. Kd2 b1=Q 55. Re2 Qb2+ 56. Kd3 Qxe2+ 57. Kxe2 hxg5 58. hxg5 Kb3 59. Kd3
Nb2+ 60. Ke4 Nxc4 61. Kd5 Nd2 62. Kxc5 Ne4+ 63. Kd5 Nxg5 64. Ke5 Nf7+ 65. Kf6
g5 0-1

[Event "II. CLANSKA LIGA ZAHOD 2025"]
[Site "Komenda"]
[Date "2025.11.23"]
[Round "9.4"]
[White "Petek, Primoz"]
[Black "Mlacnik, Franc"]
[Result "1/2-1/2"]
[WhiteElo "2043"]
[BlackElo "1972"]
[PlyCount "82"]
[EventDate "2025.11.14"]
[WhiteTeam "SD GORENJKA LESCE"]
[BlackTeam "DRUSTVO TOMO ZUPAN"]

1. c4 f5 2. g3 Nf6 3. Bg2 g6 4. Nc3 Bg7 5. b3 O-O 6. Bb2 d6 7. Nh3 e5 8. f4 c6
9. O-O Re8 10. Kh1 Na6 11. a3 Nc7 12. b4 e4 13. Qc2 d5 14. cxd5 Ncxd5 15. Nxd5
Nxd5 16. Bxg7 Kxg7 17. Ng1 Be6 18. e3 Nb6 19. Ne2 Bc4 20. Rfe1 Bxe2 21. Rxe2
Qd6 22. Ree1 Rad8 23. Rad1 h5 24. h4 Kh7 25. Bf1 Qe6 26. d3 exd3 27. Bxd3 Nd5
28. e4 fxe4 29. Rxe4 Qh3+ 30. Qh2 Qxh2+ 31. Kxh2 Nf6 32. Rxe8 Rxe8 33. f5 gxf5
34. Bxf5+ Kg7 35. Rd3 Re5 36. Kg2 b6 37. Kh3 a5 38. bxa5 bxa5 39. g4 hxg4+ 40.
Bxg4 Nxg4 41. Kxg4 c5 {nejasno (80)} 1/2-1/2

[Event "II. CLANSKA LIGA ZAHOD 2025"]
[Site "Komenda"]
[Date "2025.11.23"]
[Round "9.4"]
[White "Bobnar, Samo"]
[Black "Mali, Miha"]
[Result "1/2-1/2"]
[WhiteElo "1929"]
[BlackElo "1965"]
[PlyCount "67"]
[EventDate "2025.11.14"]
[WhiteTeam "DRUSTVO TOMO ZUPAN"]
[BlackTeam "SD GORENJKA LESCE"]

1. e4 e5 2. Nc3 Bc5 3. Bc4 Nc6 4. Qg4 Kf8 5. Qf3 Nf6 6. Nge2 Na5 7. d3 Nxc4 8.
dxc4 a5 9. Nd5 Nxd5 10. cxd5 Ra6 11. Be3 Bxe3 12. Qxe3 Qf6 13. Nc3 Qb6 14. Qxb6
Rxb6 15. O-O-O d6 16. f3 Ke7 17. h4 Bd7 18. h5 Rc8 19. g4 f6 20. Rh2 Be8 21.
Rhd2 Ra6 22. a4 Rb6 23. b3 c5 24. f4 c4 25. Kb2 cxb3 26. cxb3 Rc4 27. Rc1 Rcb4
28. Nb5 Bxb5 29. axb5 R6xb5 30. Rc7+ Kf8 31. Rc8+ Ke7 32. Rc7+ Kf8 33. Rc8+ Ke7
34. Rc7+ 1/2-1/2

[Event "II. CLANSKA LIGA ZAHOD 2025"]
[Site "Komenda"]
[Date "2025.11.23"]
[Round "9.5"]
[White "Sirnik, Bostjan"]
[Black "Vrcon, Damijan"]
[Result "1/2-1/2"]
[WhiteElo "2184"]
[BlackElo "2204"]
[PlyCount "67"]
[EventDate "2025.11.14"]
[WhiteTeam "SK RIMEX ILIRSKA BISTRICA"]
[BlackTeam "SK VAL KOPER"]

1. d4 d5 2. c4 c6 3. Nf3 Nf6 4. cxd5 cxd5 5. Nc3 Nc6 6. Bf4 Bf5 7. e3 e6 8. Bd3
Bxd3 9. Qxd3 Bd6 10. Bxd6 Qxd6 11. O-O O-O 12. Rac1 Rac8 13. h3 h6 14. a3 a6
15. Rc2 Rc7 16. Rfc1 Rfc8 17. Na4 Na5 18. Rxc7 Rxc7 19. Rxc7 Qxc7 20. Qc3 Qxc3
21. Nxc3 Nc6 22. Kf1 Kf8 23. Ke2 Ke7 24. Kd3 Kd6 25. Nd2 Nd7 26. b4 b5 27. Nb3
Nb6 28. Nc5 Nc4 29. Nxa6 Nxa3 30. Kd2 Kd7 31. Kc1 Kc8 32. Kb2 Nc4+ 33. Kb3 Nd6
34. Nc5 1/2-1/2

[Event "II. CLANSKA LIGA ZAHOD 2025"]
[Site "Komenda"]
[Date "2025.11.23"]
[Round "9.5"]
[White "Matijevic, Filip"]
[Black "Sajn, Simon"]
[Result "1-0"]
[WhiteElo "2153"]
[BlackElo "2084"]
[PlyCount "103"]
[EventDate "2025.11.14"]
[WhiteTeam "SK VAL KOPER"]
[BlackTeam "SK RIMEX ILIRSKA BISTRICA"]

1. b3 Nf6 2. Bb2 d5 3. Nf3 g6 4. Bxf6 exf6 5. d4 Bg7 6. e3 O-O 7. Be2 c5 8. c3
b6 9. O-O Bb7 10. Na3 Qe7 11. Qc1 Nc6 12. Qb2 f5 13. Rfe1 Rfe8 14. Rad1 Rad8
15. Nb1 Qc7 16. g3 Ne7 17. Bb5 Rf8 18. Bf1 Nc8 19. b4 Nd6 20. bxc5 bxc5 21.
Nbd2 Ne4 22. Qa3 c4 23. Bg2 Rfe8 24. Rb1 Bc6 25. Nxe4 fxe4 26. Ng5 Bf8 27. Qa6
Rb8 28. f3 Rb6 29. Rxb6 axb6 30. Rb1 b5 31. Rxb5 h6 32. Rb6 Ba8 33. Rxg6+ Bg7
34. Rxh6 exf3 35. Bxf3 Qe7 36. h4 Qxe3+ 37. Kg2 Qxc3 38. Qa4 Rd8 39. Rd6 Rf8
40. Rd7 Qb2+ 41. Kh3 Bb7 42. Rxf7 Bc8+ 43. g4 Qxd4 44. Rxf8+ Bxf8 45. Qa8 Bxg4+
46. Bxg4 Qd3+ 47. Nf3 Qf1+ 48. Kg3 Qd3 49. Be6+ Kg7 50. Qxd5 Bd6+ 51. Kg4 Qg6+
52. Qg5 1-0

[Event "II. CLANSKA LIGA ZAHOD 2025"]
[Site "Komenda"]
[Date "2025.11.23"]
[Round "9.5"]
[White "Kekic, Urban"]
[Black "Ivanovic, Andrej"]
[Result "1-0"]
[WhiteElo "2060"]
[BlackElo "2016"]
[PlyCount "97"]
[EventDate "2025.11.14"]
[WhiteTeam "SK RIMEX ILIRSKA BISTRICA"]
[BlackTeam "SK VAL KOPER"]

1. d4 Nf6 2. c4 g6 3. Nc3 Bg7 4. e4 d6 5. Nf3 O-O 6. Be2 Na6 7. O-O e5 8. Be3
Ng4 9. Bg5 f6 10. Bc1 Kh8 11. h3 Nh6 12. Be3 f5 13. exf5 Nxf5 14. Bg5 Qe8 15.
dxe5 dxe5 16. Re1 h6 17. Bd2 Nd4 18. Be3 c5 19. Nd2 Bf5 20. Bxd4 exd4 21. Nd5
Qd7 22. Bg4 Rae8 23. Bxf5 Qxf5 24. Nf3 Nb8 25. Qa4 Rxe1+ 26. Rxe1 Nc6 27. Qd1
d3 28. Qd2 g5 29. Re3 g4 30. hxg4 Qxg4 31. Qxd3 Nd4 32. b3 h5 33. Nh2 Qg5 34.
Ne7 Rf6 35. Nf1 h4 36. Qe4 Re6 37. Qxb7 Bf8 38. Rxe6 Nxe6 39. Nd5 h3 40. Ng3
hxg2 41. Qf7 Qe5 42. Qf6+ Qxf6 43. Nxf6 Nf4 44. Nd5 Nd3 45. Kxg2 Nc1 46. Nc3
Kg7 47. Kf3 Kf6 48. Ke4 Ke6 49. Nge2 1-0

[Event "II. CLANSKA LIGA ZAHOD 2025"]
[Site "Komenda"]
[Date "2025.11.23"]
[Round "9.5"]
[White "Pregelj, Ervin"]
[Black "Solmajer, Luka"]
[Result "0-1"]
[WhiteElo "1731"]
[BlackElo "2004"]
[PlyCount "44"]
[EventDate "2025.11.14"]
[WhiteTeam "SK VAL KOPER"]
[BlackTeam "SK RIMEX ILIRSKA BISTRICA"]

1. d4 Nf6 2. Bf4 c5 3. Nf3 cxd4 4. Nxd4 e5 5. Bg5 exd4 6. Qxd4 Be7 7. Nc3 Nc6
8. Qd2 d5 9. O-O-O d4 10. Bxf6 Bxf6 11. Ne4 Bf5 12. Nxf6+ Qxf6 13. e3 dxe3 14.
Qxe3+ Be6 15. a3 O-O 16. Bd3 Ne5 17. Be2 Rfc8 18. c3 Nc4 19. Bxc4 Rxc4 20. Rhe1
h6 21. g3 Rac8 22. Rd4 Rxd4 0-1

[Event "II. CLANSKA LIGA ZAHOD 2025"]
[Site "Komenda"]
[Date "2025.11.23"]
[Round "9.5"]
[White "Bradac, Simon"]
[Black "Cepin, Nik"]
[Result "1-0"]
[WhiteElo "1920"]
[BlackElo "1719"]
[PlyCount "51"]
[EventDate "2025.11.14"]
[WhiteTeam "SK RIMEX ILIRSKA BISTRICA"]
[BlackTeam "SK VAL KOPER"]

1. Nf3 Nf6 2. b3 d5 3. Bb2 c5 4. e3 Nc6 5. Bb5 Bf5 6. O-O e6 7. c4 Be7 8. cxd5
exd5 9. d4 cxd4 10. Nxd4 Bd7 11. Nc3 a6 12. Nxc6 bxc6 13. Bd3 Qb8 14. h3 Qc8
15. Qf3 O-O 16. Rac1 Qd8 17. e4 dxe4 18. Nxe4 Rc8 19. Rfd1 Nxe4 20. Qxe4 f5 21.
Qf3 Qe8 22. Re1 Qd8 23. Rcd1 Bb4 24. Qg3 Rf7 25. Bc4 Qf8 26. Rxd7 1-0